000 00785nam a22002537a 4500
001 8639
003 FISKH
005 20251007120036.0
008 251007b cb ||||| |||| 00| 0 eng d
020 _a9780857758880
040 _aFISKH
_beng
_cFISKH
_dFISKH
050 _aPZ7
082 _a782.42164092
100 _aCohen, Nadia
245 _aOne direction :
_bHere we go /
_cNadia Cohen ; Foreword : Mango Saul, Editor, Sugarscape.com
250 _aThis edition published in 2013
260 _aLondon :
_bFlame Tree,
_c2012.
300 _a160 pages :
_bcolor illustrations ;
_c24 cm
520 _aPop music — biography of a pop group
650 _aOne Direction
_vEntertainment
_xPop Singers
650 _aBand
_vBiography
_xMusic
942 _2ddc
_cBK
_n0
999 _c8639
_d8639